000 00529nam a2200193Ia 4500
001 13941
003 GE_BSU
008 181216s||||||||xx |||||||||||||| ||und||
040 _cGE_BSU
245 _aГосударство и право. №11. 2014. Ноябрь
245 _cГл.ред.А.С.Автономов
260 _aМосква
260 _bНаука
260 _c2014
300 _a126стр.29см.
653 _aГосударство и право.
653 _aპერიოდიკა
942 _cCR
999 _c47084
_d47084